000 00592nam a2200229Ia 4500
003 OSt
005 20221005121706.0
006 a|||||r|||| 00| 0
007 ta
008 221004b |||||||| |||| 00| 0 eng d
024 _a59191
037 _cTextual
040 _aCRL
_cCRL
_beng
041 _2eng
_aeng
082 _aO111,3M35,21, 33K9
100 _aSwamy Narasimha Au.
_9630978
245 0 _aHuckle berry finn
260 _c1969
650 _aENGLISH FICTION
942 _hO111,3M35,21, 33K9
_cTEXL
_2cc
999 _c1041959
_d1041959